Príjemca reklamy sa môže brániť
Nový zákon o reklame č. 147/2001 Z.z. rieši predovšetkým legálnu definíciu porovnávacej reklamy, novú definíciu reklamy ako prezentácie produktov. Možnosti brániť sa proti rôznym druhom reklamy. Obmedzenia a zákazy v reklamách.
Gespeichert in:
| 1. Verfasser: | |
|---|---|
| Weitere Verfasser: | |
| Format: | Buchkapitel |
| Sprache: | Slowakisch |
| Schlagworte: | |
| Tags: |
Keine Tags, Fügen Sie das erste Tag hinzu!
|
MARC
| LEADER | 00000naa a2200000 4500 | ||
|---|---|---|---|
| 001 | r042704 | ||
| 005 | 20231002114149.3 | ||
| 041 | 0 | |a slo | |
| 044 | |a SK | ||
| 245 | 1 | 0 | |a Príjemca reklamy sa môže brániť |c Jana Drgoncová, Katarína Malíková |
| 520 | |a Nový zákon o reklame č. 147/2001 Z.z. rieši predovšetkým legálnu definíciu porovnávacej reklamy, novú definíciu reklamy ako prezentácie produktov. Možnosti brániť sa proti rôznym druhom reklamy. Obmedzenia a zákazy v reklamách. | ||
| 610 | 2 | 0 | |a reklama |
| 610 | 2 | 0 | |a reklama klamlivá |
| 610 | 2 | 0 | |a reklama porovnávacia |
| 610 | 2 | 0 | |a úpravy právne |
| 610 | 2 | 0 | |a Slovensko |
| 100 | 1 | |a Drgoncová, Jana | |
| 700 | 1 | |a Malíková, Katarína | |